000 00830nam a2200253Ia 4500
003 OSt
005 20220923212602.0
006 a|||||r|||| 00| 0
007 ta
008 220922b |||||||| |||| 00| 0 hin d
024 _a154,222
037 _cTextual
040 _aARTS
_cARTS
_bhin
041 _2hin
_ahin
082 _aO152vN5, J5
100 _aव्रज रत्नदास
245 0 _aहिन्दी साहित्य का इतिहास
246 _aHindī sāhitya kā itihāsa
260 _aबनारस
_b हिन्दी साहित्य कुटीर
_c1955
300 _a224 पृ.
_ccm.
650 _aहिन्दी साहित्य
_9156264
942 _hO152vN5, J5
_cTEXL
_2CC
999 _c309850
_d309850